Detalles MARC
| 000 -LIDER |
| fixed length control field |
01567nam a2200313 a 4500 |
| 001 - NÚMERO DE CONTROL |
| Identificador de número de control |
000026959 |
| 003 - IDENTIFICACDOR DE NÚMERO DE CONTROL |
| control field |
DO-SdBNP |
| 005 - DATE AND TIME OF LATEST TRANSACTION |
| control field |
20180327114030.0 |
| 007 - CAMPOS FIJOS DE DESCRIPCIÓN FÍSICA |
| fixed length control field |
000026959 |
| 008 - ELEMENTOS DE LONGITUD FIJA |
| fixed length control field |
110328t1990 dr ac 001 0dspa d |
| 040 ## - FUENTE DE CATALOGACIÓN |
| Agencia que crea de manera original el registro |
BPMSU |
| Idioma de catalogación |
spa |
| Agencia que realiza la transcripción |
BPMSU |
| 092 ## - LOCALLY ASSIGNED DEWEY DECIMAL CALL NUMBER |
| Número de clasificación |
972.93053 |
| Número de ítem (Cutter) |
V422tr 1990 |
| 100 1# - ASIENTO PRINCIPAL -- NOMBRE PERSONAL |
| Nombre personal |
Vega, Bernardo, |
| Fechas asociadas con el nombre |
1938- |
| 245 14 - MENCIÓN DE TITULO |
| Título |
Los Trujillo se escriben / |
| Mención de responsabilidad |
Bernardo Vega. |
| 250 ## - MENCIÓN DE EDICION |
| Mención de edición |
2a. ed. |
| 260 ## - PUBLICACIÓN, DISTRIBUCIÓN, ETC. (PIE DE IMPRENTA) |
| Lugar de publicación, distribución, etc |
Santo Domingo : |
| Nombre del editor, distribuidor, etc. |
Fundación Cultural Dominicana, |
| Fecha de publicación, distribución, etc |
1990 |
| 300 ## - DESCRIPCIÓN FÍSICA |
| Extensión |
202 p. : |
| Otros detalles físicos |
il., retrs. ; |
| Dimensiones |
28 cm. |
| 500 ## - NOTA GENERAL |
| Nota general |
Incluye índice onomástico. |
| 500 ## - NOTA GENERAL |
| Nota general |
Incluye datos biográficos del autor en la contracubierta. |
| 504 ## - NOTA DE BIBLIOGRAFÍA, ETC. |
| Bibliography, etc |
Bibliografía : p. 191. |
| 505 0# - NOTA DE CONTENIDO |
| Información miscelánea |
Introducción -- |
| Título |
Correspondencia entre Trujillo y sus familiares -- |
| -- |
Correspondencia entre Ramfis y sus médicos y psiquiatras -- |
| -- |
Correspondencia relativa a los parientes extrajeros de la familia Trujillo -- |
| -- |
Familia Chevalier en Haití -- |
| -- |
Familia Trujillo en Cuba -- |
| -- |
Correspondencia entre Rafael L. Trujillo y su familia política. Los dictadores latinoamericanos -- |
| -- |
Fuentes de los documentos -- |
| Información miscelánea |
Índice onomástico. |
| 600 14 - ENCABEZAMIENTO DE MATERIA--NOMBRE PERSONAL |
| Nombre personal |
TRUJILLO MOLINA, RAFAEL LEÓNIDAS, |
| Fechas asociadas con el nombre |
1891-1961 |
| Subdivisión temática general |
FAMILIA |
| -- |
CORRESPONDENCIA, MEMORIAS, ETC. |
| 650 #4 - ENCABEZAMIENTO DE MATERIA--TEMÁTICO |
| Término temático o nombre geográfico como elemento de entrada |
TRUJILLO (FAMILIA) |
| Subdivisión temática general |
CORRESPONDENCIA, MEMORIAS, ETC. |
| 651 #4 - ENCABEZAMIENTO DE MATERIA--NOMBRE GEOGRÁFICO |
| Nombre geográfico |
REPÚBLICA DOMINICANA |
| Subdivisión temática general |
HISTORIA |
| Subdivisión cronológica |
ERA DE TRUJILLO, 1930-1961 |
| Subdivisión temática general |
CORRESPONDENCIA, MEMORIAS, ETC. |
| 910 ## - VALIDACIÓN |
| Validación |
Validado. Control de calidad EMS. |
| 942 ## - ADDED ENTRY ELEMENTS (KOHA) |
| Source of classification or shelving scheme |
Dewey Decimal Classification |
| Koha item type |
Libros |
| 945 ## - INFORMACIÓN DE PROCESAMIENTO LOCAL |
| Información de procesamiento local |
Remanejado para BNPHU / 2017 VM |
| 956 ## - LOCAL ELECTRONIC LOCATION AND ACCESS (OCLC) |
| Nombre de host |
VMATEO |
| Número de acceso |
10 |
| Información de compresión |
20150430 |
| Inicio de sesión |
BPMSU |
| Procesador de solicitud |
00151 |